Statystyki dla Największe miasta na Półwyspie Arabskim

Kliknij tutaj aby rozwiązać quiz!

Ogólne statystyki

  • Ten quiz został rozwiązany 91 razy
  • Średni wynik to 7 z 10

Statystyki odpowiedzi

PaństwoLiczba mieszkańcówNazwa miasta% Poprawnych
Zjednoczone Emiraty Arabskie3 396 933Dubaj
99%
Arabia Saudyjska5 188 286Rijad
93%
Zjednoczone Emiraty Arabskie1 202 756Abu Zabi
88%
Arabia Saudyjska1 534 731Mekka
81%
Jemen1 707 531Sana
76%
Jordania2 367 000Amman
72%
Oman646 024Maskat
69%
Arabia Saudyjska1 100 093Medyna
62%
Arabia Saudyjska3 430 697Dżudda
35%
Jemen588 938Aden
27%

Rozkład punktacji

Percentyl według liczby udzielonych odpowiedzi

Procent ludzi z każdym wynikiem

Twoja historia wyników

Nie rozwiązałeś tego quizu